000 02079cad a22002655a 4500
001 L142492
008 080219s2008 xxk f f000 0 eng d
020 _a9781409802471
035 _a(Sirsi) u142492
041 0 _aeng
050 0 4 _a333.33 $2 18
110 1 _aUnited Kingdom
_bDepartment for Communities and Local Government
_94939
245 0 0 _aImproving the energy efficiency of our buildings
_ba guide to energy performance certificates for the construction, sale and let of non-dwellings (second edition 2008)
_h[electronic resource]
260 _aLondon
_bDCLG
_c2008
505 2 _aPreface -- Introduction -- What are energy performance certificates -- Obtaining an energy performance certificate -- Applying the regulations in practice -- Assessing the energy performance of a building -- Consumer protection and enforcement -- Questions and answers -- Glossary -- Annex A -- Annex B
520 _aProvides an introduction to energy performance certificates for non-dwellings. Describes the scope and requirements of the Regulations that apply on construction, sale or let and provides guidance on how they should be applied in practice. Whilst this is official UK Government guidance, is not a statement of the law. It is intended to help prospective sellers, buyers, landlords, occupiers, building managers, builders and their agents understand how the Directive and Regulations work in practice, how to apply the Regulations, what their responsibilities are and when energy certificates are required.
590 _aKA
650 2 4 _aCOMMERCIAL ENERGY PERFORMANCE CERTIFICATES
650 2 4 _aEUROPEAN ENERGY PERFORMANCE OF BUILDINGS DIRECTIVE 2002/91/EC
650 2 4 _aENERGY PERFORMANCE OF BUILDINGS (CERTIFICATES AND INSPECTIONS) (ENGLAND AND WALES) REGULATIONS 2007
651 4 _aEngland and Wales
_y1543-
690 _aENVIRONMENTAL AND LAND CONSULTANCY-ENERGY-ENERGY USE-ENERGY EFFICIENCY
856 4 0 _uhttps://www.communities.gov.uk/publications/planningandbuilding/nondwelling
_zView this item free of charge at www.communities.gov.uk...
942 _n0
999 _c107899
_d107899